[Event "SVK ECo-C Extraliga 2018-19"]
[Site "Slovakia"]
[Date "2019.04.12"]
[Round "9.4"]
[White "Bokros, Albert"]
[Black "Ftacnik, Lubomir"]
[Result "1/2-1/2"]
[WhiteElo "2466"]
[BlackElo "2516"]
[Annotator "ChessBase"]
[PlyCount "62"]
[EventDate "2018.11.10"]
[EventType "team-tourn"]
[EventCountry "SVK"]
[SourceTitle "playchess.com"]
[Source "ChessBase"]
[SourceQuality "1"]
[WhiteTeam "Streda"]
[BlackTeam "Slovan"]
[TimeControl "40/5400+30:1800+30"]

1. e4 {[%emt 0:00:00]} c5 {[%emt 0:00:00]} 2. Nf3 {[%emt 0:00:00]} d6 {[%emt 0:00:00]} 3. d4 {[%emt 0:00:08]} cxd4 {[%emt 0:00:18]} 4. Nxd4 {[%emt 0:00:10]} Nf6 {[%emt 0:00:10]} 5. Nc3 {[%emt 0:00:06]} a6 {[%emt 0:00:18]} 6. Be3 {[%emt 0:01:07]} e5 {[%emt 0:00:35]} 7. Nf3 {[%emt 0:02:57]} Be7 {[%emt 0:00:55]} 8. Bc4 {[%emt 0:01:10]} O-O {[%emt 0:04:14]} 9. O-O {[%emt 0:02:45]} Be6 {[%emt 0:03:04]} 10. Bb3 {[%emt 0:02:52]} b5 {[%emt 0:04:49]} 11. Nd5 {[%emt 0:04:47]} Nbd7 {[%emt 0:03:23]} 12. Nxf6+ {[%emt 0:04:59]} Nxf6 {[%emt 0:00:29]} 13. Qd3 {[%emt 0:01:18]} Bxb3 {[%emt 0:11:24]} 14. axb3 {[%emt 0:01:15]} d5 {[%emt 0:00:23]} 15. Nxe5 {[%emt 0:04:57]} Qc7 {[%emt 0:03:15]} 16. Bd4 {[%emt 0:03:41]} dxe4 {[%emt 0:09:03]} 17. Qc3 {[%emt 0:02:21]} Rfc8 {[%emt 0:11:49]} 18. Qxc7 {[%emt 0:01:21]} Rxc7 {[%emt 0:00:02]} 19. c3 {[%emt 0:01:34]} Nd5 {[%emt 0:07:14]} 20. Rfe1 {[%emt 0:05:52]} f6 {[%emt 0:02:41]} 21. Ng4 {[%emt 0:00:46]} f5 {[%emt 0:03:01]} 22. Ne3 {[%emt 0:01:29]} Nxe3 {[%emt 0:00:07]} 23. Rxe3 {[%emt 0:00:19]} Rc6 {[%emt 0:05:43]} 24. f3 {[%emt 0:01:31]} Bg5 {[%emt 0:00:42]} 25. Re2 {[%emt 0:00:22]} exf3 {[%emt 0:01:56]} 26. gxf3 {[%emt 0:00:07]} Rd8 {[%emt 0:03:49]} 27. b4 {[%emt 0:02:41]} Kf7 {[%emt 0:07:23]} 28. Re5 {[%emt 0:02:54]} g6 {[%emt 0:01:53]} 29. Rc5 {[%emt 0:00:55]} Rdd6 {[%emt 0:00:30]} 30. Re1 {[%emt 0:01:49]} Bf6 {[%emt 0:04:22]} 31. Bxf6 {[%emt 0:03:10]} Kxf6 {[%emt 0:00:14]} 1/2-1/2

[Event "SVK ECo-C Extraliga 2018-19"]
[Site "Slovakia"]
[Date "2019.04.12"]
[Round "9.4"]
[White "Likavsky, Tomas"]
[Black "Molnar, Erno"]
[Result "1/2-1/2"]
[WhiteElo "2425"]
[BlackElo "2194"]
[Annotator "ChessBase"]
[PlyCount "44"]
[EventDate "2018.11.10"]
[EventType "team-tourn"]
[EventCountry "SVK"]
[SourceTitle "playchess.com"]
[Source "ChessBase"]
[SourceQuality "1"]
[WhiteTeam "Podhajska"]
[BlackTeam "Komarno"]
[TimeControl "40/5400+30:1800+30"]

1. d4 {[%emt 0:00:00]} Nf6 {[%emt 0:00:00]} 2. c4 {[%emt 0:00:00]} g6 {[%emt 0:00:00]} 3. Nc3 {[%emt 0:00:06]} d5 {[%emt 0:00:00]} 4. Nf3 {[%emt 0:00:29]} Bg7 {[%emt 0:00:01]} 5. Qa4+ {[%emt 0:00:11]} c6 {[%emt 0:17:27]} 6. cxd5 {[%emt 0:01:06]} Nxd5 {[%emt 0:04:05]} 7. e4 {[%emt 0:00:11]} Nxc3 {[%emt 0:03:04]} 8. bxc3 {[%emt 0:00:07]} O-O {[%emt 0:01:20]} 9. Be3 {[%emt 0:00:50]} Nd7 {[%emt 0:03:31]} 10. Rd1 {[%emt 0:21:20]} e5 {[%emt 0:03:59]} 11. Bd3 {[%emt 0:08:03]} Qc7 {[%emt 0:15:10]} 12. O-O {[%emt 0:02:16]} c5 {[%emt 0:04:21]} 13. d5 {[%emt 0:18:20]} Nf6 {[%emt 0:06:11]} 14. h3 {[%emt 0:04:30]} Ne8 {[%emt 0:02:45]} 15. c4 {[%emt 0:03:05]} Nd6 {[%emt 0:02:03]} 16. Nd2 {[%emt 0:00:59]} b6 {[%emt 0:06:34]} 17. Qc2 {[%emt 0:01:20]} f5 {[%emt 0:04:50]} 18. f3 {[%emt 0:00:09]} f4 {[%emt 0:05:11]} 19. Bf2 {[%emt 0:00:06]} g5 {[%emt 0:00:23]} 20. Rb1 {[%emt 0:01:42]} h5 {[%emt 0:00:31]} 21. Be2 {[%emt 0:05:24]} Bf6 {[%emt 0:01:15]} 22. Rb3 {[%emt 0:01:32]} Kf7 {[%emt 0:01:01]} 1/2-1/2

[Event "SVK ECo-C Extraliga 2018-19"]
[Site "Slovakia"]
[Date "2019.04.12"]
[Round "9.4"]
[White "Berezjuk, Sergej"]
[Black "Rigo, Zsolt"]
[Result "1/2-1/2"]
[WhiteElo "2398"]
[BlackElo "2396"]
[Annotator "NA"]
[PlyCount "31"]
[EventDate "2018.11.10"]
[EventType "team-tourn"]
[EventCountry "SVK"]
[SourceTitle "playchess.com"]
[Source "ChessBase"]
[SourceQuality "1"]
[WhiteTeam "Osuske"]
[BlackTeam "Modra"]
[TimeControl "40/5400+30:1800+30"]

1. d4 {[%emt 0:00:00]} Nf6 {[%emt 0:00:00]} 2. Nf3 {[%emt 0:00:00]} e6 {[%emt 0:01:01]} 3. e3 {[%emt 0:00:00]} b6 {[%emt 0:02:47]} 4. Bd3 {[%emt 0:00:06]} Bb7 {[%emt 0:00:22]} 5. O-O {[%emt 0:00:29]} d5 {[%emt 0:03:43]} 6. Nbd2 {[%emt 0:03:59]} Nbd7 {[%emt 0:10:49]} 7. b3 {[%emt 0:12:20]} Bd6 {[%emt 0:01:23]} 8. Bb2 {[%emt 0:00:09]} Ne4 {[%emt 0:02:37]} 9. Ne5 {[%emt 0:05:02]} Nxd2 {[%emt 0:12:12]} 10. Qxd2 {[%emt 0:01:24]} O-O {[%emt 0:00:25]} 11. Qe2 {[%emt 0:10:40]} Nf6 {[%emt 0:11:26]} 12. f4 {[%emt 0:06:15]} Ne4 {[%emt 0:01:54]} 13. Rad1 {[%emt 0:09:26]} Qe7 {[%emt 0:03:58]} 14. c4 {[%emt 0:03:11]} Rad8 {[%emt 0:25:48]} 15. Qc2 {[%emt 0:24:34]} c5 {[%emt 0:01:34]} 16. cxd5 {[%emt 0:05:02]} 1/2-1/2

[Event "SVK ECo-C Extraliga 2018-19"]
[Site "Slovakia"]
[Date "2019.04.12"]
[Round "9.4"]
[White "Hausner, Ivan"]
[Black "Jurcik, Marian"]
[Result "0-1"]
[WhiteElo "2349"]
[BlackElo "2494"]
[Annotator "ChessBase"]
[PlyCount "104"]
[EventDate "2018.11.10"]
[EventType "team-tourn"]
[EventCountry "SVK"]
[SourceTitle "playchess.com"]
[Source "ChessBase"]
[SourceQuality "1"]
[WhiteTeam "Liptovska"]
[BlackTeam "Zilina"]
[TimeControl "40/5400+30:1800+30"]

1. c4 {[%emt 0:00:00]} e5 {[%emt 0:00:00]} 2. Nc3 {[%emt 0:00:00]} Nf6 {[%emt 0:00:00]} 3. Nf3 {[%emt 0:01:08]} Nc6 {[%emt 0:00:01]} 4. d4 {[%emt 0:00:05]} exd4 {[%emt 0:00:18]} 5. Nxd4 {[%emt 0:00:03]} Bb4 {[%emt 0:01:02]} 6. Bg5 {[%emt 0:00:05]} h6 {[%emt 0:01:36]} 7. Bh4 {[%emt 0:00:06]} Bxc3+ {[%emt 0:00:29]} 8. bxc3 {[%emt 0:00:08]} O-O {[%emt 0:00:13]} 9. Nxc6 {[%emt 0:03:07]} dxc6 {[%emt 0:07:13]} 10. Qxd8 {[%emt 0:00:12]} Rxd8 {[%emt 0:00:02]} 11. Bxf6 {[%emt 0:00:11]} gxf6 {[%emt 0:00:05]} 12. e3 {[%emt 0:00:06]} Be6 {[%emt 0:01:25]} 13. Rd1 {[%emt 0:02:53]} Kf8 {[%emt 0:16:20]} 14. h4 {[%emt 0:03:37]} c5 {[%emt 0:08:41]} 15. h5 {[%emt 0:03:38]} Rxd1+ {[%emt 0:03:03]} 16. Kxd1 {[%emt 0:00:06]} Rd8+ {[%emt 0:00:05]} 17. Kc1 {[%emt 0:00:08]} Rd6 {[%emt 0:00:04]} 18. Rh4 {[%emt 0:00:38]} Ra6 {[%emt 0:00:23]} 19. Kb2 {[%emt 0:00:13]} Rb6+ {[%emt 0:00:16]} 20. Kc2 {[%emt 0:01:06]} Ra6 {[%emt 0:00:38]} 21. Kb2 {[%emt 0:00:10]} Rb6+ {[%emt 0:00:12]} 22. Kc2 {[%emt 0:00:07]} Bf5+ {[%emt 0:00:19]} 23. e4 {[%emt 0:11:12]} Be6 {[%emt 0:00:14]} 24. a3 {[%emt 0:17:52]} Bd7 {[%emt 0:06:01]} 25. Rf4 {[%emt 0:02:34]} Ke7 {[%emt 0:00:35]} 26. Be2 {[%emt 0:00:30]} Ba4+ {[%emt 0:06:19]} 27. Kd3 {[%emt 0:01:30]} Rb3 {[%emt 0:03:27]} 28. Rg4 {[%emt 0:00:16]} Rxa3 {[%emt 0:01:48]} 29. Rg8 {[%emt 0:00:08]} b5 {[%emt 0:15:34]} 30. cxb5 {[%emt 0:05:42]} Bxb5+ {[%emt 0:00:04]} 31. Ke3 {[%emt 0:00:07]} a6 {[%emt 0:00:43]} 32. Rc8 {[%emt 0:04:53]} c6 {[%emt 0:06:25]} 33. Rc7+ {[%emt 0:04:30]} Kf8 {[%emt 0:02:10]} 34. Bxb5 {[%emt 0:03:35]} axb5 {[%emt 0:01:24]} 35. Rxc6 {[%emt 0:03:26]} Rxc3+ {[%emt 0:00:19]} 36. Kd2 {[%emt 0:00:14]} b4 {[%emt 0:00:46]} 37. Rxf6 {[%emt 0:00:41]} Kg7 {[%emt 0:00:41]} 38. Rb6 {[%emt 0:00:09]} Rb3 {[%emt 0:03:06]} 39. Rc6 {[%emt 0:03:15]} Rb2+ {[%emt 0:00:34]} 40. Ke3 {[%emt 0:00:08]} Rc2 {[%emt 0:01:33]} 41. Rb6 {[%emt 0:30:50]} Rc1 {[%emt 0:37:39]} 42. Rb5 {[%emt 0:04:10]} Kf6 {[%emt 0:00:32]} 43. f4 {[%emt 0:00:30]} Ke7 {[%emt 0:06:44]} 44. g4 {[%emt 0:01:00]} Rc3+ {[%emt 0:00:00]} 45. Kd2 {[%emt 0:00:00]} f6 {[%emt 0:00:00]} 46. Rb7+ {[%emt 0:00:00]} Kd6 {[%emt 0:00:00]} 47. Rb6+ {[%emt 0:00:00]} Kc7 {[%emt 0:00:00]} 48. Rxf6 {[%emt 0:00:00]} c4 {[%emt 0:00:00]} 49. g5 {[%emt 0:00:00]} Rd3+ {[%emt 0:00:00]} 50. Ke2 {[%emt 0:00:00]} b3 {[%emt 0:00:00]} 51. Rf7+ {[%emt 0:00:00]} Kc6 {[%emt 0:00:00]} 52. Rf8 {[%emt 0:00:00]} b2 {[%emt 0:00:00]} 0-1

[Event "SVK ECo-C Extraliga 2018-19"]
[Site "Slovakia"]
[Date "2019.04.12"]
[Round "9.5"]
[White "Stohl, Igor"]
[Black "Karas, Marek"]
[Result "1/2-1/2"]
[WhiteElo "2489"]
[BlackElo "2246"]
[Annotator "ChessBase"]
[PlyCount "54"]
[EventDate "2018.11.10"]
[EventType "team-tourn"]
[EventCountry "SVK"]
[SourceTitle "playchess.com"]
[Source "ChessBase"]
[SourceQuality "1"]
[WhiteTeam "Modra"]
[BlackTeam "Osuske"]
[TimeControl "40/5400+30:1800+30"]

1. Nf3 {[%emt 0:00:00]} d5 {[%emt 0:00:00]} 2. c4 {[%emt 0:00:03]} c6 {[%emt 0:00:04]} 3. e3 {[%emt 0:00:51]} Nf6 {[%emt 0:00:13]} 4. d4 {[%emt 0:00:17]} a6 {[%emt 0:00:17]} 5. Nbd2 {[%emt 0:00:34]} e6 {[%emt 0:05:50]} 6. b3 {[%emt 0:05:48]} c5 {[%emt 0:02:28]} 7. Bb2 {[%emt 0:01:27]} Nc6 {[%emt 0:03:41]} 8. Bd3 {[%emt 0:05:11]} Be7 {[%emt 0:05:20]} 9. O-O {[%emt 0:07:21]} O-O {[%emt 0:02:00]} 10. Rc1 {[%emt 0:08:06]} dxc4 {[%emt 0:10:37]} 11. Nxc4 {[%emt 0:01:31]} cxd4 {[%emt 0:03:51]} 12. Nxd4 {[%emt 0:01:00]} Nxd4 {[%emt 0:00:34]} 13. Bxd4 {[%emt 0:01:57]} b5 {[%emt 0:02:08]} 14. Ne5 {[%emt 0:18:02]} Bb7 {[%emt 0:00:35]} 15. Nc6 {[%emt 0:02:27]} Bxc6 {[%emt 0:00:55]} 16. Rxc6 {[%emt 0:00:57]} Nd5 {[%emt 0:13:08]} 17. Qb1 {[%emt 0:14:57]} h6 {[%emt 0:03:42]} 18. Bh7+ {[%emt 0:02:19]} Kh8 {[%emt 0:00:03]} 19. Be4 {[%emt 0:00:12]} Nb4 {[%emt 0:08:40]} 20. Rcc1 {[%emt 0:08:29]} Rc8 {[%emt 0:02:15]} 21. Qb2 {[%emt 0:03:35]} f6 {[%emt 0:02:15]} 22. Rcd1 {[%emt 0:08:13]} Qc7 {[%emt 0:01:34]} 23. a3 {[%emt 0:01:29]} Nd5 {[%emt 0:05:34]} 24. Rc1 {[%emt 0:00:27]} Qd6 {[%emt 0:01:20]} 25. b4 {[%emt 0:00:42]} Qd7 {[%emt 0:02:13]} 26. Rcd1 {[%emt 0:01:18]} Qc7 {[%emt 0:00:59]} 27. Rd2 {[%emt 0:02:38]} Nb6 {[%emt 0:01:19]} 1/2-1/2

[Event "SVK ECo-C Extraliga 2018-19"]
[Site "Slovakia"]
[Date "2019.04.12"]
[Round "9.5"]
[White "Nayhebaver, Martin"]
[Black "Haring, Filip"]
[Result "1-0"]
[WhiteElo "2464"]
[BlackElo "2309"]
[Annotator "ChessBase"]
[PlyCount "91"]
[EventDate "2018.11.10"]
[EventType "team-tourn"]
[EventCountry "SVK"]
[SourceTitle "playchess.com"]
[Source "ChessBase"]
[SourceQuality "1"]
[WhiteTeam "Zilina"]
[BlackTeam "Liptovska"]
[TimeControl "40/5400+30:1800+30"]

1. e4 {[%emt 0:00:00]} c5 {[%emt 0:00:00]} 2. Nc3 {[%emt 0:00:12]} Nc6 {[%emt 0:00:17]} 3. Bb5 {[%emt 0:00:33]} Nd4 {[%emt 0:00:50]} 4. Nf3 {[%emt 0:00:27]} e6 {[%emt 0:01:49]} 5. Bc4 {[%emt 0:03:00]} a6 {[%emt 0:04:43]} 6. Nxd4 {[%emt 0:01:57]} cxd4 {[%emt 0:00:09]} 7. Ne2 {[%emt 0:00:07]} b5 {[%emt 0:06:38]} 8. Bb3 {[%emt 0:07:29]} Qb6 {[%emt 0:02:44]} 9. O-O {[%emt 0:03:31]} Ne7 {[%emt 0:03:49]} 10. d3 {[%emt 0:02:21]} Nc6 {[%emt 0:02:03]} 11. Ng3 {[%emt 0:01:31]} Bb7 {[%emt 0:03:11]} 12. Qg4 {[%emt 0:05:10]} Qc5 {[%emt 0:04:31]} 13. Nh5 {[%emt 0:10:17]} O-O-O {[%emt 0:06:14]} 14. c3 {[%emt 0:06:05]} f5 {[%emt 0:09:25]} 15. Qd1 {[%emt 0:13:48]} g6 {[%emt 0:08:04]} 16. Nf4 {[%emt 0:02:20]} Bg7 {[%emt 0:02:06]} 17. Bd2 {[%emt 0:06:00]} Qd6 {[%emt 0:02:43]} 18. Ne2 {[%emt 0:05:27]} fxe4 {[%emt 0:03:29]} 19. dxe4 {[%emt 0:00:07]} d3 {[%emt 0:02:17]} 20. Be3 {[%emt 0:07:22]} Ne5 {[%emt 0:08:38]} 21. f3 {[%emt 0:01:44]} h5 {[%emt 0:02:44]} 22. Nd4 {[%emt 0:04:02]} h4 {[%emt 0:12:09]} 23. h3 {[%emt 0:01:14]} g5 {[%emt 0:00:59]} 24. Bxg5 {[%emt 0:04:24]} Rdg8 {[%emt 0:00:17]} 25. Qd2 {[%emt 0:01:44]} Nf7 {[%emt 0:04:50]} 26. Be3 {[%emt 0:04:31]} Bh6 {[%emt 0:02:19]} 27. Rae1 {[%emt 0:01:36]} Ng5 {[%emt 0:00:51]} 28. Kh1 {[%emt 0:00:56]} Qg3 {[%emt 0:02:32]} 29. Bxg5 {[%emt 0:04:10]} Rxg5 {[%emt 0:01:22]} 30. f4 {[%emt 0:00:26]} Rg7 {[%emt 0:01:12]} 31. Rf3 {[%emt 0:02:24]} Qg6 {[%emt 0:00:08]} 32. Bd1 {[%emt 0:00:31]} Bxe4 {[%emt 0:00:48]} 33. Rf2 {[%emt 0:00:01]} Rhg8 {[%emt 0:00:59]} 34. Bf3 {[%emt 0:00:19]} Bxf3 {[%emt 0:01:03]} 35. Nxf3 {[%emt 0:00:02]} Qg3 {[%emt 0:00:08]} 36. Ne5 {[%emt 0:00:26]} Rf8 {[%emt 0:01:17]} 37. Nxd3 {[%emt 0:00:16]} Rf5 {[%emt 0:00:20]} 38. Rf3 {[%emt 0:00:42]} Qg6 {[%emt 0:00:15]} 39. Qe2 {[%emt 0:00:20]} Rd5 {[%emt 0:00:47]} 40. c4 {[%emt 0:00:25]} Rd4 {[%emt 0:00:42]} 41. cxb5 {[%emt 0:30:41]} axb5 {[%emt 0:05:23]} 42. Ne5 {[%emt 0:00:00]} Qf5 43. Qxb5 {[%emt 0:00:00]} Rxf4 {[%emt 0:03:07]} 44. Ra3 {[%emt 0:00:00]} Kd8 {[%emt 0:03:24]} 45. Ra8+ {[%emt 0:00:00]} Kc7 {[%emt 0:00:11]} 46. Qb8# 1-0

[Event "SVK ECo-C Extraliga 2018-19"]
[Site "Slovakia"]
[Date "2019.04.12"]
[Round "9.5"]
[White "Manik, Mikulas"]
[Black "Mrva, Martin"]
[Result "1-0"]
[WhiteElo "2393"]
[BlackElo "2416"]
[Annotator "NA"]
[PlyCount "79"]
[EventDate "2018.11.10"]
[EventType "team-tourn"]
[EventCountry "SVK"]
[SourceTitle "playchess.com"]
[Source "ChessBase"]
[SourceQuality "1"]
[WhiteTeam "Prakovce"]
[BlackTeam "Snina"]
[TimeControl "40/5400+30:1800+30"]

1. e4 {[%emt 0:00:00]} e5 {[%emt 0:00:55]} 2. Nf3 {[%emt 0:00:00]} Nc6 {[%emt 0:00:06]} 3. Bb5 {[%emt 0:00:26]} Nf6 {[%emt 0:00:14]} 4. O-O {[%emt 0:03:09]} Nxe4 {[%emt 0:00:19]} 5. Qe2 {[%emt 0:02:03]} Nd6 {[%emt 0:00:52]} 6. Bxc6 {[%emt 0:00:54]} dxc6 {[%emt 0:00:38]} 7. Qxe5+ {[%emt 0:00:06]} Qe7 {[%emt 0:00:08]} 8. Qa5 {[%emt 0:00:36]} Qd8 {[%emt 0:00:06]} 9. Qc3 {[%emt 0:00:24]} Be6 {[%emt 0:10:22]} 10. Re1 {[%emt 0:04:54]} Nf5 {[%emt 0:07:18]} 11. Qb3 {[%emt 0:07:49]} Bd6 {[%emt 0:07:31]} 12. Qxb7 {[%emt 0:12:40]} O-O {[%emt 0:00:53]} 13. Nc3 {[%emt 0:07:11]} Bd7 {[%emt 0:26:11]} 14. d4 {[%emt 0:08:47]} Nh4 {[%emt 0:04:22]} 15. Ne5 {[%emt 0:06:06]} Rb8 {[%emt 0:13:59]} 16. Qa6 {[%emt 0:03:47]} c5 $16 {[%emt 0:02:01]} 17. Ne4 {[%emt 0:32:36]} Bb5 {[%emt 0:06:44]} 18. Qa5 {[%emt 0:03:06]} cxd4 {[%emt 0:01:34]} 19. Bg5 {[%emt 0:00:35]} Be7 {[%emt 0:02:01]} 20. Bxh4 {[%emt 0:00:21]} Bxh4 {[%emt 0:00:10]} 21. Rad1 {[%emt 0:00:23]} Be7 {[%emt 0:01:20]} 22. Qxa7 {[%emt 0:00:44]} Rb6 {[%emt 0:01:37]} 23. a4 {[%emt 0:01:13]} Be8 {[%emt 0:07:52]} 24. Nc4 {[%emt 0:00:59]} Re6 {[%emt 0:01:50]} 25. Rxd4 {[%emt 0:00:25]} Qc8 {[%emt 0:00:08]} 26. Rdd1 {[%emt 0:00:18]} Bc6 {[%emt 0:00:43]} 27. Ng3 {[%emt 0:00:44]} Rd8 {[%emt 0:00:55]} 28. Ne3 {[%emt 0:01:08]} g6 {[%emt 0:00:57]} 29. Rxd8+ {[%emt 0:00:31]} Qxd8 {[%emt 0:00:08]} 30. Rd1 {[%emt 0:00:19]} Qc8 {[%emt 0:00:31]} 31. c3 {[%emt 0:01:14]} h5 {[%emt 0:00:18]} 32. Ne2 {[%emt 0:00:55]} Re5 {[%emt 0:01:34]} 33. b4 {[%emt 0:00:46]} Bc5 {[%emt 0:01:30]} 34. bxc5 {[%emt 0:00:25]} Rxe3 {[%emt 0:00:02]} 35. fxe3 {[%emt 0:00:45]} Qg4 {[%emt 0:00:02]} 36. Rd8+ {[%emt 0:00:25]} Kg7 {[%emt 0:00:33]} 37. Nf4 {[%emt 0:00:16]} Qh4 {[%emt 0:00:18]} 38. Rd1 {[%emt 0:01:02]} g5 {[%emt 0:00:42]} 39. Qxc7 {[%emt 0:00:34]} Qg4 {[%emt 0:00:14]} 40. Rf1 {[%emt 0:00:20]} 1-0

[Event "SVK ECo-C Extraliga 2018-19"]
[Site "Slovakia"]
[Date "2019.04.12"]
[Round "9.5"]
[White "Pacher, Milan"]
[Black "Varga, Zoltan"]
[Result "1-0"]
[WhiteElo "2391"]
[BlackElo "2451"]
[Annotator "ChessBase"]
[PlyCount "61"]
[EventDate "2018.11.10"]
[EventType "team-tourn"]
[EventCountry "SVK"]
[SourceTitle "playchess.com"]
[Source "ChessBase"]
[SourceQuality "1"]
[WhiteTeam "Slovan"]
[BlackTeam "Streda"]
[TimeControl "40/5400+30:1800+30"]

1. e4 {[%emt 0:00:00]} d5 {[%emt 0:01:15]} 2. exd5 {[%emt 0:00:00]} Qxd5 {[%emt 0:00:03]} 3. Nc3 {[%emt 0:00:00]} Qd8 {[%emt 0:01:34]} 4. d4 {[%emt 0:00:32]} Nf6 {[%emt 0:00:03]} 5. Nf3 {[%emt 0:00:05]} Bf5 {[%emt 0:00:35]} 6. Ne5 {[%emt 0:04:43]} e6 {[%emt 0:08:13]} 7. g4 {[%emt 0:02:54]} Be4 {[%emt 0:03:11]} 8. Nxe4 {[%emt 0:21:23]} Nxe4 {[%emt 0:00:31]} 9. Qf3 {[%emt 0:00:31]} Nd6 {[%emt 0:00:08]} 10. Bf4 {[%emt 0:00:58]} Be7 {[%emt 0:06:45]} 11. O-O-O {[%emt 0:03:50]} Bg5 {[%emt 0:01:51]} 12. h4 {[%emt 0:02:10]} Bxf4+ {[%emt 0:00:09]} 13. Qxf4 {[%emt 0:00:03]} c6 {[%emt 0:10:18]} 14. c4 {[%emt 0:17:55]} Qe7 {[%emt 0:07:36]} 15. c5 {[%emt 0:02:57]} Nc8 {[%emt 0:00:31]} 16. g5 {[%emt 0:03:32]} Nd7 {[%emt 0:00:04]} 17. h5 {[%emt 0:05:59]} h6 {[%emt 0:19:39]} 18. gxh6 {[%emt 0:06:24]} Rxh6 {[%emt 0:00:42]} 19. Rg1 {[%emt 0:00:46]} Qf6 {[%emt 0:24:09]} 20. Qxf6 {[%emt 0:04:55]} Nxf6 {[%emt 0:00:08]} 21. Rxg7 {[%emt 0:00:34]} Rxh5 {[%emt 0:03:52]} 22. Be2 {[%emt 0:01:23]} Rf5 {[%emt 0:05:06]} 23. Rh1 {[%emt 0:02:03]} Nd7 {[%emt 0:00:38]} 24. Bg4 {[%emt 0:09:00]} Rxf2 {[%emt 0:00:57]} 25. Nd3 {[%emt 0:01:42]} Kf8 {[%emt 0:01:49]} 26. Rg5 {[%emt 0:00:33]} Rg2 {[%emt 0:00:13]} 27. Nf4 {[%emt 0:01:04]} Rg3 {[%emt 0:01:12]} 28. Rf1 {[%emt 0:02:02]} Ke7 {[%emt 0:01:13]} 29. Nh5 {[%emt 0:01:33]} Rd3 30. Rg7 {[%emt 0:00:14]} Rxd4 {[%emt 0:01:24]} 31. Rfxf7+ {[%emt 0:00:06]} 1-0

[Event "SVK ECo-C Extraliga 2018-19"]
[Site "Slovakia"]
[Date "2019.04.12"]
[Round "9.5"]
[White "Vojtek, Vladimir"]
[Black "Jakubiec, Artur"]
[Result "0-1"]
[WhiteElo "2309"]
[BlackElo "2474"]
[Annotator "ChessBase"]
[PlyCount "112"]
[EventDate "2018.11.10"]
[EventType "team-tourn"]
[EventCountry "SVK"]
[SourceTitle "playchess.com"]
[Source "ChessBase"]
[SourceQuality "1"]
[WhiteTeam "Dubnica"]
[BlackTeam "Dunajov"]
[TimeControl "40/5400+30:1800+30"]

1. e4 {[%emt 0:00:00]} c5 {[%emt 0:00:00]} 2. f4 {[%emt 0:00:00]} d5 {[%emt 0:00:22]} 3. exd5 {[%emt 0:00:00]} Nf6 {[%emt 0:00:07]} 4. Bb5+ {[%emt 0:00:00]} Nbd7 {[%emt 0:00:17]} 5. c4 {[%emt 0:00:28]} a6 {[%emt 0:00:05]} 6. Ba4 {[%emt 0:00:04]} b5 {[%emt 0:00:29]} 7. cxb5 {[%emt 0:00:05]} Nb6 {[%emt 0:00:03]} 8. Nc3 {[%emt 0:02:18]} Nfxd5 {[%emt 0:08:46]} 9. Nf3 {[%emt 0:04:16]} Nxa4 {[%emt 0:11:56]} 10. Qxa4 {[%emt 0:01:21]} Nb6 {[%emt 0:01:59]} 11. Qe4 {[%emt 0:03:43]} e6 {[%emt 0:14:06]} 12. Ne5 {[%emt 0:33:31]} Qc7 {[%emt 0:05:34]} 13. a4 {[%emt 0:11:33]} Bb7 {[%emt 0:04:15]} 14. Qe2 {[%emt 0:00:46]} Nd7 {[%emt 0:16:39]} 15. bxa6 {[%emt 0:10:56]} Bxa6 {[%emt 0:00:33]} 16. Nb5 {[%emt 0:00:36]} Bxb5 {[%emt 0:03:34]} 17. Qxb5 {[%emt 0:00:26]} Bd6 {[%emt 0:00:04]} 18. Nxd7 {[%emt 0:10:38]} Qxd7 {[%emt 0:00:06]} 19. Qxd7+ {[%emt 0:04:34]} Kxd7 {[%emt 0:00:03]} 20. Rf1 {[%emt 0:02:31]} Rhb8 {[%emt 0:01:13]} 21. Rf3 {[%emt 0:05:30]} Rb4 {[%emt 0:01:58]} 22. b3 {[%emt 0:01:09]} Rxf4 {[%emt 0:03:01]} 23. Rxf4 {[%emt 0:01:43]} Bxf4 {[%emt 0:00:03]} 24. h3 {[%emt 0:01:26]} Be5 {[%emt 0:00:52]} 25. Rb1 {[%emt 0:00:05]} Kc6 {[%emt 0:05:01]} 26. Ke2 {[%emt 0:02:17]} Rb8 {[%emt 0:01:10]} 27. d3 {[%emt 0:00:28]} Bc3 {[%emt 0:01:42]} 28. Bd2 {[%emt 0:01:10]} Bb4 {[%emt 0:02:02]} 29. Be3 {[%emt 0:00:42]} Kd5 {[%emt 0:01:03]} 30. Rc1 {[%emt 0:00:37]} e5 {[%emt 0:00:22]} 31. g4 {[%emt 0:00:47]} f6 {[%emt 0:00:23]} 32. Rb1 {[%emt 0:00:39]} g6 {[%emt 0:06:19]} 33. Rf1 {[%emt 0:00:50]} Rf8 {[%emt 0:00:22]} 34. Rg1 {[%emt 0:00:45]} Rf7 {[%emt 0:00:28]} 35. h4 {[%emt 0:00:35]} Bc3 {[%emt 0:01:51]} 36. h5 {[%emt 0:00:14]} Rb7 {[%emt 0:00:36]} 37. Rb1 {[%emt 0:00:18]} f5 {[%emt 0:00:49]} 38. gxf5 {[%emt 0:01:05]} gxf5 {[%emt 0:00:03]} 39. Kf3 {[%emt 0:00:42]} Bd4 {[%emt 0:03:57]} 40. Bd2 {[%emt 0:00:31]} e4+ {[%emt 0:00:47]} 41. dxe4+ {[%emt 0:09:24]} fxe4+ {[%emt 0:00:40]} 42. Ke2 {[%emt 0:01:35]} Rg7 {[%emt 0:04:44]} 43. Rd1 {[%emt 0:12:54]} Rg2+ {[%emt 0:03:10]} 44. Kf1 {[%emt 0:00:30]} Rh2 {[%emt 0:02:23]} 45. b4 {[%emt 0:00:39]} cxb4 {[%emt 0:09:25]} 46. Bxb4 {[%emt 0:00:55]} e3 {[%emt 0:00:33]} 47. Re1 {[%emt 0:03:45]} Rf2+ {[%emt 0:01:18]} 48. Kg1 {[%emt 0:00:01]} Rb2 {[%emt 0:03:00]} 49. Be7 {[%emt 0:02:10]} e2+ {[%emt 0:00:57]} 50. Kg2 {[%emt 0:00:31]} Bc3 {[%emt 0:00:10]} 51. Bh4 {[%emt 0:01:03]} Bxe1 {[%emt 0:00:11]} 52. Bxe1 {[%emt 0:00:01]} Ke4 {[%emt 0:00:11]} 53. Kf2 {[%emt 0:00:02]} Kd3 {[%emt 0:00:09]} 54. a5 {[%emt 0:00:19]} Rb7 {[%emt 0:00:28]} 55. Kg2 {[%emt 0:01:05]} Rf7 {[%emt 0:00:11]} 56. a6 {[%emt 0:00:48]} Ra7 {[%emt 0:00:08]} 0-1